High Growth and Low Consumption in East Asia : How to Improve Welfare While Avoiding Financial Failures /

This paper analyzes certain policies that are typical of a number of rapidly growing East Asian countries in which a fixed exchange rate, combined with a surplus labor market, has made domestic assets relatively inexpensive, generating high rates of FDI as well as domestic capital formation. This &q...

Disgrifiad llawn

Manylion Llyfryddiaeth
Prif Awdur: Rochon, Celine
Awduron Eraill: Feltenstein, Andrew, Shamloo, Maral
Fformat: Cylchgrawn
Iaith:English
Cyhoeddwyd: Washington, D.C. : International Monetary Fund, 2007.
Cyfres:IMF Working Papers; Working Paper ; No. 2007/278
Mynediad Ar-lein:Full text available on IMF
LEADER 02077cas a2200265 a 4500
001 AALejournalIMF009702
008 230101c9999 xx r poo 0 0eng d
020 |c 5.00 USD 
020 |z 9781451868418 
022 |a 1018-5941 
040 |a BD-DhAAL  |c BD-DhAAL 
100 1 |a Rochon, Celine. 
245 1 0 |a High Growth and Low Consumption in East Asia :   |b How to Improve Welfare While Avoiding Financial Failures /  |c Celine Rochon, Andrew Feltenstein, Maral Shamloo. 
264 1 |a Washington, D.C. :  |b International Monetary Fund,  |c 2007. 
300 |a 1 online resource (33 pages) 
490 1 |a IMF Working Papers 
500 |a <strong>Off-Campus Access:</strong> No User ID or Password Required 
500 |a <strong>On-Campus Access:</strong> No User ID or Password Required 
506 |a Electronic access restricted to authorized BRAC University faculty, staff and students 
520 3 |a This paper analyzes certain policies that are typical of a number of rapidly growing East Asian countries in which a fixed exchange rate, combined with a surplus labor market, has made domestic assets relatively inexpensive, generating high rates of FDI as well as domestic capital formation. This "investment hunger" can lead to unanticipated declines in the returns to investment, and resulting financial insolvencies. Private consumption remains low and there are concerns that high savings rates cannot be sustained. We construct a dynamic general equilibrium model and apply it to a stylized Asian economy, loosely based upon China. We calibrate a benchmark equilibrium, and carry out various counterfactual simulations to analyze alternative policies, in particular tax cuts and exchange rate revaluations, as instruments in increasing private consumption while avoiding bank failures. 
538 |a Mode of access: Internet 
700 1 |a Feltenstein, Andrew. 
700 1 |a Shamloo, Maral. 
830 0 |a IMF Working Papers; Working Paper ;  |v No. 2007/278 
856 4 0 |z Full text available on IMF  |u http://elibrary.imf.org/view/journals/001/2007/278/001.2007.issue-278-en.xml  |z IMF e-Library